1729 1944 1733 1608 1474 1552 1516 1395 1573 1106 1431 1576 1641 1280 1282 1925 1592 1314 1860 1970 1868 1900 1478 1446 1760 1772 1687 1465 1963 1825 1343 1255 1618 1259 1492 1812 1750 1743 1006 1277 1742 1958 1397 1756 1167 1605 1330 1445 1430 1426 1933 1282 1950 1909 1214 1722 1235 1384 1102 1994 1720 1781 1458 1998 1931 1811 1662 1544 1118 1567 1639 1288 1969 1507 1811 1340 1099 1581 1346 1446 1002 1139 1349 1274 1135 1800 1129 1648 1760 1168 1656 1101 1629 1312 1261 1252 1015 1928 1074 BCNSPRNW ULIB Ver.6.0+V

เปลี่ยนเป็นภาษาไทย

Change to English
 แสดงรายละเอียดบรรณานุกรม
  กลับหน้าหลัก

Brief Record : Get Marc (ISO 2709) : E-mail record : QR code < ปิดหน้าต่าง
LEADER : 00000nam 2200000uu 4500
001    13399113464
003     ULIB
008    111121s2553||||th 000 0 tha d
020    ^a9786167017372
090    ^aนว.^bณ111ล 2553
100 0  ^aณ ห้วงรัก
245 00 ^aเล่ห์ร้ายสวาทรัก/^cณ ห้วงรัก
250    ^aพิมพ์ครั้งที่ 1
260    ^aกรุงเทพฯ :^bอักษรศาสตร์,^c2553
300    ^a406 หน้า
710 1  ^aอักษรศาสตร์
945    ^p279^l0^i17050
995    ^aกัณชพร
999    ^aใช้งานได้ทุกระบบ
รายการนี้ยังไม่มีแท็ก
คุณยังไม่ได้ล็อกอิน คุณสามารถมีกิจกรรมร่วมกับเว็บไซต์ได้ แต่ต้องล็อกอินก่อน ::
  ล็อกอิน

รายการสื่อสารสนเทศ

ลำดับที่ ประเภท เลขเรียก/บาร์โค้ด สถานที่ สถานะ
1. นวนิยาย
นวนิยาย
นว. ณ111ล 2553  
  Barcode: 17050
ห้องสมุดวิทยาเขตสวรรค์ประชารักษ์
►นวนิยาย
บนชั้น
  ขอยืม

BibComment


ยังไม่เคยถูกคอมเมนท์

คอมเมนท์ทรัพยากรรายการนี้
  คอมเมนท์: เล่ห์ร้ายสวาทรัก..


 Copyright 2026. Bcnsprnw @Library